| 000 | 00359nam a22001217a 4500 | ||
|---|---|---|---|
| 999 |
_c2805 _d2805 |
||
| 005 | 20200924115116.0 | ||
| 008 | 200924b ||||| |||| 00| 0 eng d | ||
| 020 | _a27451 | ||
| 040 | _cCML | ||
| 245 | _aThe World Book Encyclopedia: Research Guide/Index. | ||
| 260 |
_aLondon _bWorld Book, Inc _c1990 |
||
| 942 |
_2ddc _cBK _eVolume 22 _h030 _kR _mWOR |
||